Normal view
MARC view
Entry Personal Name
001 - CONTROL NUMBER
- control field: 1237315
003 - CONTROL NUMBER IDENTIFIER
- control field: OSt
005 - DATE AND TIME OF LATEST TRANSACTION
- control field: 20260430150358.0
008 - FIXED-LENGTH DATA ELEMENTS
- fixed length control field: 260430|| aca||aabn | a|a d
040 ## - CATALOGING SOURCE
- Original cataloging agency: OSt
- Transcribing agency: OSt
100 ## - HEADING--PERSONAL NAME
- Personal name: University of Delhi. Faculty of Arts. Deptt. of Slavonic & Finno- Ugrian Studies
670 ## - SOURCE DATA FOUND
- Source citation: Work cat.: (OSt)1849641: Neetu Au.; Chakraborty Amitava Gu.; Saxena Ranjana Gu. 1237314, Nostalgia for The Soviet Past in Contemporary Russian Literature: A Study of Selected Post Soviet Novels, 2023
